| 000 | 01349cam a22003134a 4500 | ||
|---|---|---|---|
| 999 |
_c7115 _d7115 |
||
| 001 | 13817708 | ||
| 003 | OSt | ||
| 005 | 20210903133104.0 | ||
| 008 | 041217s2006 nyua b 001 0 eng | ||
| 010 | _a 2004030135 | ||
| 020 | _a0879697474 (cloth : alk. paper) | ||
| 020 | _a0879697512 (pbk. : alk. paper) | ||
| 040 |
_aDLC _cDDC _dDLC |
||
| 042 | _apcc | ||
| 050 | 0 | 0 |
_aQH207 _b.B27 2006 |
| 082 | 0 | 0 | _a570.282BAS2006 |
| 100 |
_aSpector,David L.; Goldman,Robert D. _914659 |
||
| 245 | 0 | 0 |
_aBasic methods in microscopy : _bprotocols and concepts from cells : a laboratory manual / _cEdited by Spector,David L. and Goldman,Robert D. |
| 260 |
_aCold Spring Harbor, N.Y. : _bCold Spring Harbor Laboratory Press, _cc2006. |
||
| 300 |
_aix,382 p. : _bill. (some col.) ; _c29 cm |
||
| 504 | _aIncludes; bibliographical references and index. | ||
| 650 | 0 |
_aBiology _95602 |
|
| 700 | 1 |
_aSpector, David L. _914662 |
|
| 700 | 1 |
_aGoldman, Robert D., _d1939- _914663 |
|
| 856 | 4 | 1 |
_3Table of contents _uhttp://www.loc.gov/catdir/toc/ecip055/2004030135.html |
| 906 |
_a7 _bcbc _corignew _d1 _eecip _f20 _gy-gencatlg |
||
| 942 |
_2ddc _cO_SHELF |
||